书目信息 |
| 题名: |
血脂异常及高粘血症防治必读
|
|
| 作者: | 养玺 编著 | |
| 分册: | ||
| 出版信息: | 上海 上海科学技术文献出版社 2002.02 |
|
| 页数: | 185页 | |
| 开本: | 20cm | |
| 丛书名: | ||
| 单 册: | ||
| 中图分类: | R589.2 | |
| 科图分类: | ||
| 主题词: | 内分泌病 , 代谢病 | |
| 电子资源: | ||
| ISBN: | 7-5439-1821-8 | |
| 000 | 00610nam0 2200205 45 | |
| 001 | 0456014073 | |
| 005 | 2004060915333378 | |
| 010 | @a7-5439-1821-8@dCNY 12.00 | |
| 100 | @a20040609d2002 km y0chiy0120 ea | |
| 101 | 0 | @achi |
| 102 | @aCN@b310000 | |
| 200 | 1 | @a血脂异常及高粘血症防治必读@AXue Zhi Yi Chang Ji Gao Nian Xue Zheng Fang Zhi Bi Du@f养玺编著@FYang Xi Bian Zhu |
| 210 | @a上海@c上海科学技术文献出版社@d2002.02 | |
| 215 | @a185页@d20cm | |
| 606 | 0 | @a内分泌病 |
| 606 | 0 | @a代谢病 |
| 690 | @aR589.2@v3 | |
| 701 | 0 | @a养玺@AYang Xi@4编著 |
| 801 | 0 | @aCN@bPFT@c20040609 |
| 905 | @a安徽大学@dR589.2@eY342 | |
| 血脂异常及高粘血症防治必读/养玺编著.-上海:上海科学技术文献出版社,2002.02 |
| 185页;20cm |
| ISBN 7-5439-1821-8:CNY 12.00 |
| ● |
| 相关链接 |
|
|
|
正题名:血脂异常及高粘血症防治必读
索取号:R589.2/Y342
 
预约/预借
| 序号 | 登录号 | 条形码 | 馆藏地/架位号 | 状态 | 备注 |
| 1 | 379543 | 203795438 | 自科库401/401自科库 19排1列5层/ [索取号:R589.2/Y342] | 在馆 | |
| 2 | 379544 | 203795447 | 自科库401/401自科库 19排1列5层/ [索取号:R589.2/Y342] | 在馆 |